000 00766nam a22002177a 4500
003 NUST-PNEC
005 20170116180732.0
008 141119b xxu||||| |||| 00| 0 eng d
020 _a8176351733
020 _a0672313081
040 _cPNEC
082 _a005.268 SMI
100 _91001
_aSmith Curtis
245 _aSAMS teach yourself database programming with Visual Basic 6 in 21 days
_cCurtis Smith; Michael Amundsen
260 _aIndianapolis, Ind. :
_bSams Publishing,
_cc1999
300 _axxi, 882 p. :
_bill. ;
_c23 cm
500 _aIncludes index.
650 _xMIS, Computer
856 _uhttp://www.amazon.com/Teach-Yourself-Database-Programming-Visual/dp/0672313081/ref=sr_1_1?ie=UTF8&qid=1416376682&sr=8-1&keywords=0672313081
942 _2ddc
_cBK
999 _c61837
_d61837